Statistiques concernant Culture Générale - Série 735

Cliquez ici pour prendre le quiz!

Statistiques générales

  • Ce quiz a été pris 302 fois
  • Le résultat moyen est 6 sur 10

Statistiques - réponses

QuestionRéponse% Correct
Complétez le titre du film réalisé en 1974 par Tobe Hooper, "Massacre à la ...tronçonneuse
97%
De quel pays Vilnius est-elle la capitale ?Lituanie
91%
Quel appendice, très utile au Marsupilami, est démesurée par rapport à la taille de son corps ?queue
86%
Quelle était la tessiture de voix de la Callas ?soprano
66%
Complétez le titre du roman de Romain Gary, "La promessse de ...l'aube
55%
Quel grand quotidien français en activité était à sa création, en 1826, un hebdomadaire satirique ?Le Figaro
48%
Quel film, réalisé par Jacques Tati, a reçu en 1953 le prix Louis-Delluc ?Les Vacances de Monsieur Hulot
35%
Quel camp militaire du Kentucky abrite une grande partie de la réserve d'or des États-Unis ?Fort Knox
33%
Quel oiseau marin noir et blanc, au gros bec multicolore est surnommé : "perroquet de mer" ou "clown de mer" ?macareux
27%
En 1862, Giuseppe Verdi a écrit l'opéra "La Force du...destin
26%

Distribution des résultats

Percentile par nombre de réponses

% des personnes avec chaque résultat

Votre développement - résultats

Vous n’avez pas pris ce quiz